| 000 | 01762nam a2200445Ii 4500 | ||
|---|---|---|---|
| 001 | DIGECOED0592 | ||
| 003 | NyNyDIG | ||
| 006 | m o d | ||
| 007 | cr ||||||||||| | ||
| 008 | 230804s2017 ck a ob 000 0 spa d | ||
| 035 | _a(OCoLC)1393996571 | ||
| 040 |
_aDGITA _beng _erda _epn _cDGITA |
||
| 020 |
_a9789587714616 _qeBook |
||
| 020 | _z9789587714609 | ||
| 050 | 1 | 4 | _aHD31 ebook |
| 082 | 0 | 4 |
_a658 _223 |
| 100 | 1 |
_aPrieto Herrera, Jorge Eliécer, _eauthor. |
|
| 245 | 1 | 0 |
_aGestión estratégica organizacional / _cJorge Eliécer Prieto Herrera. |
| 250 | _aQuinta edición. | ||
| 264 | 1 |
_aBogotá : _bEcoe Ediciones, _c[2017] |
|
| 300 |
_a1 online resource : _billustrations. |
||
| 336 |
_atext _btxt _2rdacontent |
||
| 337 |
_acomputer _bc _2rdamedia |
||
| 338 |
_aonline resource _bcr _2rdacarrier |
||
| 347 |
_atext file _2rdaft |
||
| 347 | _bPDF | ||
| 490 | 1 | _aColección: Ciencias empresariales. Área: Administración | |
| 500 | _a"Complemento virtual SIL (Sistema de Información en Línea)"--Cover. | ||
| 504 | _aIncludes bibliographical references. | ||
| 588 | 0 | _aOnline resource; title from PDF title page (Digitalia, viewed August 4, 2023) | |
| 650 | 0 | _aStrategic planning. | |
| 650 | 0 | _aIndustrial management. | |
| 791 | 2 |
_aDigitalia (Firm), _edistributor. |
|
| 793 | 0 |
_gDigitalia eBook Collection: _aEcoe Ediciones |
|
| 776 | 0 | 8 |
_iPrint version: _aPrieto Herrera, Jorge Eliécer. _tGestión estratégica organizacional. _bQuinta edición. _dBogotá : Ecoe Ediciones, [2017] _z9789587714609 |
| 830 | 0 |
_aColección Textos universitarios (ECOE Ediciones). _pÁrea Administración. |
|
| 856 | 4 | 0 |
_3Digitalia Hispánica _uhttps://www.digitaliapublishing.com/a/126666/ |
| 910 | _aPremium collection: 2023 | ||
| 942 | _cRAA | ||
| 999 |
_c278129 _d278129 |
||